| 000 | 00476nam a2200181Ia 4500 | ||
|---|---|---|---|
| 001 | 8312 | ||
| 005 | 20260306160600.0 | ||
| 008 | 260306t2013||||xx |||||||||||||| ||spa|| | ||
| 041 | _aESP | ||
| 082 |
_a370.153 _bS84 |
||
| 100 |
_aShanker, Stuart _eAUT |
||
| 245 | 0 |
_aCalma atencion y aprendizaje: _bestrategias para la autorregulación en el aula |
|
| 260 | _c2013 | ||
| 300 |
_axxii, 182 pƔginas : _c24 cm. |
||
| 650 | _aGEN | ||
| 654 | _aCED | ||
| 942 |
_cLIB _dJUS _fJUS _2ddc _n |
||
| 999 |
_c8312 _d8312 |
||